000 01023cab a22002055a 4500
001 L156216
008 120504e20120502xxk 000 0 eng d
035 _a(Sirsi) u156216
041 0 _aeng
245 0 0 _aMarket needs confidence on flooding insurance
_h[electronic resource]
260 _c2012
490 _aCML News and Views
_v(8) 2 May 2012, 1(1)
520 _aThe Council of Mortgage Lenders (CML) warns that households in flood risk areas are going to find is difficult to obtain insurance cover unless the Government and Association of British Insurers can come to an agreement once the existing arrangement comes to an end in 2013. Highlights the view points of the insurance industry and mortgage lenders and potential problems to home owners.
590 _aKA NTK
651 4 _aUNITED KINGDOM
690 _aResidential property
_96266
690 _aHydrography
_96245
856 4 0 _uhttps://www.cml.org.uk/cml/publications/newsandviews/112/420
_zView this item free of charge at www.cml.org.uk
942 _n0
999 _c83968
_d83968